La génesis de la humanidad /
Guardado en:
| Autor Principal: | |
|---|---|
| Formato: | Libro |
| Publicado: |
Buenos Aires :
Eudeba,
1969
|
| Edición: | 3a. ed. |
| Materias: | |
| Etiquetas: |
Agregar Etiqueta
Sin Etiquetas, Sea el primero en etiquetar este registro!
|
| LEADER | 01039nam a22002655a 4500 | ||
|---|---|---|---|
| 001 | CEM.cems000555 | ||
| 005 | 20060210000000.0 | ||
| 008 | 130507s1969##################000#0#####d | ||
| 003 | CEMS | ||
| 082 | 0 | 4 | |a 571 |
| 100 | 1 | |a Arambourg, Camille | |
| 245 | 1 | 0 | |a La génesis de la humanidad / |
| 250 | |a 3a. ed. | ||
| 260 | |a Buenos Aires : |b Eudeba, |c 1969 | ||
| 300 | |a 189 p. | ||
| 653 | |a Arquelogia | ||
| 859 | |a CEMS |b BIB. CEMS - 11 de abril |h 571 |i Ar13a3 |p 3465.75 |t Ej.1 | ||
| 859 | |a CEMS |b BIB. CEMS - 11 de abril |h 571 |i Ar13a3 |p 3466.75 |t Ej.2 | ||
| 859 | |a CEMS |b BIB. CEMS - 11 de abril |h 571 |i Ar13a3 |p 3468.75 |t Ej.4 | ||
| 859 | |a CEMS |b BIB. CEMS - 11 de abril |h 571 |i Ar13a3 |p 3469.75 |t Ej.5 | ||
| 859 | |a CEMS |b BIB. CEMS - 11 de abril |h 571 |i Ar13a3 |p 3470.75 |t Ej.6 | ||
| 859 | |a CEMS |b BIB. CEMS - 11 de abril |h 571 |i Ar13a3 |p 3471.75 |t Ej.7 | ||
| 859 | |a CEMS |b BIB. CEMS - 11 de abril |h 571 |i Ar13a3 |p 3506.75 |t Ej.8 | ||
| 859 | |a CEMS |b BIB. CEMS - 11 de abril |h 571 |i Ar13a3 |p 3507.75 |t Ej.9 | ||
| 859 | |a CEMS |b BIB. CEMS - 11 de abril |h 571 |i Ar13a3 |p 4837.76 |t Ej.3 | ||
